Loading...
| Fine Arts - Classical Music | 0 | 6 | 0 | 2 | 60 | 72 | 93.00 | 0 | 2 | 11.06 | 25.25 |
| Literature - European | 0 | 5 | 0 | 0 | 50 | 88 | 104.60 | 0 | 0 | 2.88 | 13.38 |
| Literature - British | 0 | 5 | 0 | 3 | 50 | 40 | 96.00 | 0 | 1 | 7.48 | 15.28 |
| Science - Other | 0 | 4 | 0 | 0 | 40 | 61 | 74.50 | 0 | 3 | 12.71 | 25.00 |
| Fine Arts - Other | 0 | 4 | 1 | 3 | 35 | 103 | 111.00 | 0 | 0 | 0.00 | 6.69 |
| History - European | 0 | 2 | 0 | 1 | 20 | 92 | 103.50 | 0 | 0 | 1.20 | 2.27 |
| Literature - World | 0 | 2 | 0 | 0 | 20 | 101 | 104.50 | 0 | 0 | 1.87 | 10.23 |
| Science - Biology | 0 | 2 | 0 | 2 | 20 | 104 | 105.00 | 0 | 0 | 0.00 | 2.27 |
| Fine Arts - Painting and Sculpture | 0 | 2 | 0 | 0 | 20 | 107 | 112.50 | 0 | 0 | 1.18 | 6.82 |
| Literature - American | 0 | 2 | 1 | 1 | 15 | 93 | 105.50 | 0 | 0 | 2.49 | 6.69 |
| Mythology | 0 | 1 | 0 | 0 | 10 | 67 | 67.00 | 0 | 0 | 3.93 | 5.68 |
| Social Science | 0 | 1 | 0 | 1 | 10 | 110 | 110.00 | 0 | 0 | 0.00 | 1.56 |
| History - Other | 0 | 1 | 0 | 1 | 10 | 101 | 101.00 | 0 | 0 | 0.00 | 1.14 |
| Popular Culture | 0 | 0 | 0 | 0 | 0 | 0.00 | 0 | 0 | 0.00 | 0.00 | |
| Religion | 0 | 0 | 1 | 0 | -5 | 0.00 | 0 | 0 | 0.00 | 0.00 |